00429nam a22001217a 4500003000500000082000800005245009800013264003600111300003200147650003600179700003500215856005700250NUST a621 aImpact of supply chain technology on corporate performance and sustainability in Pakistan /  aIslamabad: bSMME- NUST.c2021. a40p. ;b Soft Copy, c30cm. aMS Mechanical Engineering  aSupervisor : DR. KHALID AKHTAR uhttp://10.250.8.41:8080/xmlui/handle/123456789/25189